000 00828nam a22002297a 4500
005 20120829105911.0
010 _aB-462701
020 _a9780415289757
_c325.00
035 _aB-462701
037 _adpl
_bK.K. Pub/Ven
082 _a193
100 _aSmith, David Woodruff
_952067
245 _aHusserl/
_cby David woodruff smith
260 _aNew York
_bRoutledge
_c2007
270 _a2 Park square milton park abingdon oxon
_bNew York
300 _a467p.
_c23cm (pbk)
500 _aIt includes index.
700 _951694
942 _2ddc
_cEN
_mSMI
_h193
999 _c69493
_d69493